000 00322nam a22001337a 4500
008 181220b xxu||||| |||| 00| 0 eng d
020 _a9780534348106
041 _aeng
080 _a371
100 _a46
101 _aEDU
245 _aUnderstanding Diversity A Learning-as-Practice Primer
_cOkun,B.F
942 _2udc
_cBK
999 _c53565
_d53565